000 00437nam a22001457a 4500
008 140606b xxu||||| |||| 00| 0 eng d
050 _aLC311.N278
100 _aThe National Society
_910684
245 _aPositive Partnership
_cThe National Society
260 _aLondon
_bWestminster
_c1985
300 _a50p. ;
_c22cm.
650 _aChristian education
_910685
650 _aEducation
_xChurch and State
_910686
942 _2lcc
_cMONOGRAPH
999 _c120649
_d120649